<?xml version="1.0" encoding="UTF-8"?>
<record
    xmlns:xsi="http://www.w3.org/2001/XMLSchema-instance"
    xsi:schemaLocation="http://www.loc.gov/MARC21/slim http://www.loc.gov/standards/marcxml/schema/MARC21slim.xsd"
    xmlns="http://www.loc.gov/MARC21/slim">

  <leader>01813cam a22002774a 4500</leader>
  <controlfield tag="001">6613599</controlfield>
  <controlfield tag="003">OSt</controlfield>
  <controlfield tag="005">20210414114506.0</controlfield>
  <controlfield tag="008">151002b        xxu||||| |||| 00| 0 eng d</controlfield>
  <datafield tag="020" ind1=" " ind2=" ">
    <subfield code="a">9780781772471</subfield>
  </datafield>
  <datafield tag="040" ind1=" " ind2=" ">
    <subfield code="c">.</subfield>
  </datafield>
  <datafield tag="050" ind1="0" ind2="0">
    <subfield code="a">RT98.H86 </subfield>
  </datafield>
  <datafield tag="100" ind1="1" ind2=" ">
    <subfield code="a">Hunt, Roberta.</subfield>
  </datafield>
  <datafield tag="245" ind1="1" ind2="0">
    <subfield code="a">Introduction to community-based nursing. /</subfield>
    <subfield code="c">Roberta Hunt.</subfield>
  </datafield>
  <datafield tag="250" ind1=" " ind2=" ">
    <subfield code="a">4th ed.</subfield>
  </datafield>
  <datafield tag="260" ind1=" " ind2=" ">
    <subfield code="a">New York :</subfield>
    <subfield code="b">Lippincott Raven,</subfield>
    <subfield code="c">c2009.</subfield>
  </datafield>
  <datafield tag="300" ind1=" " ind2=" ">
    <subfield code="a">xvii, 524 p. :</subfield>
    <subfield code="b">ill. ( col.) ;</subfield>
    <subfield code="c">24 cm.</subfield>
  </datafield>
  <datafield tag="504" ind1=" " ind2=" ">
    <subfield code="a">Includes bibliographical references and index.</subfield>
  </datafield>
  <datafield tag="505" ind1="0" ind2="0">
    <subfield code="g">Contents:Overview of Community-Based Nursing -- Health Promotion and Disease Prevention -- Cultural Care -- Family Care -- Assessment: Individual, Family, and Community -- Health Teaching -- Continuity of Care: Discharge Planning and Case Management -- Health Promotion and Disease Prevention for Maternal/Infant Populations, Children, and Adolescents -- Health Promotion and Disease Prevention for Adults -- Health Promotion and Disease Prevention for Elderly Adults -- Practice Settings and Specialties -- Home Health Care Nursing -- Mental Health Nursing in Community-Based Settings -- Global Health and Community-Based Care -- Trends in Community-Based Nursing -- Appendix. A.Nutrition Questionnaires for infants, Children, and Adolescents -- B.Implications for Teaching at Various Developmental Stages -- C.Cognitive Stages and Approaches to Patient Education With Children.</subfield>
    <subfield code="g">App. B.</subfield>
    <subfield code="t"> </subfield>
    <subfield code="g">App. C.</subfield>
  </datafield>
  <datafield tag="650" ind1=" " ind2="0">
    <subfield code="a">Community health nursing.</subfield>
  </datafield>
  <datafield tag="650" ind1="1" ind2="2">
    <subfield code="a">Community Health Nursing.</subfield>
  </datafield>
  <datafield tag="650" ind1="2" ind2="2">
    <subfield code="a">Health Promotion.</subfield>
  </datafield>
  <datafield tag="856" ind1="4" ind2="2">
    <subfield code="3">Publisher description</subfield>
    <subfield code="u">http://www.loc.gov/catdir/enhancements/fy0805/2007046590-d.html</subfield>
  </datafield>
  <datafield tag="856" ind1="4" ind2="1">
    <subfield code="3">Table of contents only</subfield>
    <subfield code="u">http://www.loc.gov/catdir/enhancements/fy0828/2007046590-t.html</subfield>
  </datafield>
  <datafield tag="942" ind1=" " ind2=" ">
    <subfield code="2">lcc</subfield>
    <subfield code="c">BK</subfield>
  </datafield>
  <datafield tag="999" ind1=" " ind2=" ">
    <subfield code="c">5770</subfield>
    <subfield code="d">13270</subfield>
  </datafield>
  <datafield tag="952" ind1=" " ind2=" ">
    <subfield code="0">0</subfield>
    <subfield code="1">0</subfield>
    <subfield code="2">lcc</subfield>
    <subfield code="4">0</subfield>
    <subfield code="7">0</subfield>
    <subfield code="8">NFIC</subfield>
    <subfield code="a">WIUC-1</subfield>
    <subfield code="b">WIUC-1</subfield>
    <subfield code="c">NURS L.</subfield>
    <subfield code="d">2015-10-02</subfield>
    <subfield code="l">0</subfield>
    <subfield code="o">RT98.H86</subfield>
    <subfield code="p">NURS/28/15</subfield>
    <subfield code="r">2015-10-02 00:00:00</subfield>
    <subfield code="t">1</subfield>
    <subfield code="w">2015-10-02</subfield>
    <subfield code="y">BK</subfield>
  </datafield>
</record>
